000
00284nam a22001097a 4500
008
170105b xxu||||| |||| 00| 0 eng d
020
_a
9780803614635
041
_a
eng
080
_2
10TH
_a
618.2
245
_a
DAVIS'S DRUG GUIDE FOR NURSES
_c
DEGLIN, J.H & VALLERAND, A.H
942
_2
udc
_c
BK
999
_c
2560
_d
2560